| 000 | 00347nam a2200121Ia 4500 | ||
|---|---|---|---|
| 008 | 180219s9999 xx 000 0 und d | ||
| 020 | _a9789719392606 | ||
| 100 | _aGapuz, Ray A. | ||
| 245 |
_aNCLEX 311 : _bthe 24 - hour guide for passing the NCLEX-RN / |
||
| 250 | _a1st | ||
| 260 |
_aManila : _bTestmasters Publishing _c2007 |
||
| 300 | _a311 pages | ||
| 999 |
_c355925 _d355925 |
||